000 00570cam a22001577a 4500
008 180718b2006 xxu||||| |||| 00| 0 eng d
020 _a8131600327
082 _aZ2x54 G239
100 _aGautam, Manu
245 _aPublic distribution system and tribal development: a study of western tribal belt of Madhya Pradesh
_cby Manu Gautam
260 _aJaipur
_bRawat
_c2006
300 _axx, 235p
650 _aRural development --Government policy --India --Dhar
650 _aAgriculture and state --India --Dhar
650 _aFood supply --Government policy --India --Dhar
999 _c406022
_d406022